000 00609nam a2200241Ia 4500
003 OSt
005 20220928112559.0
006 a|||||r|||| 00| 0
007 ta
008 220927b |||||||| |||| 00| 0 eng d
024 _a53685
037 _cTextual
040 _aSDCL
_cSDCL
_beng
041 _2eng
_aeng
082 _aX81:(Z2), N7
100 _aBirds John
_9428898
245 0 _aModern insurance law.
250 _a4
260 _aDelhi
_bUniversal Law Publishing
_c1997
300 _alxi,422p
_ccm.
942 _hX81:(Z2), N7
_cTEXL
_2CC
999 _c745391
_d745391